00311nam a22001217a 450000500170000000800410001704100120005808200120007010000120008224500460009430000240014065000250016420240827141229.0240827b |||||||| |||| 00| 0 eng d aEnglish a349 LAW lEnglish aThe Laws of the Republic of Namibia 2005  b27 pages; c25 cm.  aLegal practice bLaw